Biggest Cities in Countries with 500K or less people - Statistics

General Stats
  • This quiz has been taken 37 times
  • The average score is 13 of 25
Answer Stats
Continent City Population City % Correct
Europe 24K Andorra la Vela
87%
Europe 39K Monaco
87%
North America 290K Nassau
77%
North America 120K Bridgetown
73%
North America 25K St. John's
73%
North America 76K Castries
70%
Asia 240K Male
70%
North America 40K St. George's
70%
Oceania 40K Apia
67%
Asia 330K Bandar Seri Begawan
67%
Oceania 48K Port vila
67%
Africa 100K Sao Tome
60%
Oceania 65K Tarawa
60%
Africa 31K Victoria
60%
North America 21K Belmopan
53%
Oceania 26K Nuku'Alofa
53%
Oceania 30K Majuro
50%
Europe 240K Reykjavik
50%
North America 60K Belize City
40%
North America 28K Orange Walk Town
10%
Asia 38K Addu City
3%
Europe 20K Akureyri
3%
North America 62K Freeport
3%
Oceania 20K Luganville
3%
North America 20K San Pedro Town
3%
No matching quizzes found
Score Distribution
Percent of People with Each Score
Percentile by Number Answered
Your Score History
You have not taken this quiz